Представление документа в формате MARC21

Поле Инд. ПП Название Значение
Тип записи a
Библиографический уровень m
001 Контрольный номер RU/IS/BASE/507204799
005 Дата корректировки 20240822113443.6
008 Кодируемые данные 20160127
020 a ISBN 9785991639460
084 a Индекс другой классификации/Индекс ББК 60.55-42я73
090 a Полочн. индекс 60.55-42я73
x Авторский знак Л 641
100 1_ a Автор Литвинюк А. А.
q Полное имя Литвинюк Александр Александрович
245 10 a Заглавие Организационное поведение
b Продолж. заглавия учебник и практикум для академического бакалавриата
c Ответственность рецензенты С. В. Рогожин, С. В. Пирогов
250 a Основные сведения об издании 2-е изд., перераб. и доп.
260 b Издательство Юрайт
c Дата издания 2015
a Место издания Москва
300 a Объем 527 с.
336 a Термин вида содержания Текст
337 a Термин типа средства непосредственный
440 _0 a Серия Бакалавр. Академический курс
504 a Библиография Лит.: с. 524-527
521 0_ a Примеч. о целев. назн. студенты экономических вузов
541 1_ a Номер заявки 5347
b Заявитель Лифшиц Е.А.
c Факультет/Кафедра/Подразделение Кафедра менеджмента
d Дата заявки 30.11.2015
f Дисциплина Организационное поведение
h Уровень подготовки Бакалавриат
n Количество экземпляров 6
650 04 a Основная рубрика организационное поведение
a Основная рубрика социология
a Основная рубрика социология организаций
653 0_ a Ключевые слова власть
a Ключевые слова групповое поведение
a Ключевые слова коммуникативное поведение
a Ключевые слова лидерство
a Ключевые слова мотивация
a Ключевые слова мотивация персонала
a Ключевые слова мотивация поведения
a Ключевые слова мотивация труда
a Ключевые слова нововведения в организации
a Ключевые слова организации
a Ключевые слова профессиональный отбор
a Ключевые слова теория поведения
a Ключевые слова трудовая деятельность
a Ключевые слова управление поведением
a Ключевые слова формы власти
655 a Жанр/ форма (устаревшее) учебное пособие
700 12 a Автор Рогожин С. В.
e Роль лиц рецензент
700 1_ a Автор Пирогов С. В.
e Роль лиц рецензент
787 18 w Контрольный номер связываемой записи RU/IS/BASE/458657049
901 t Тип документа m
952 a Тип литературы для КСУ ВШ УИ
954 a Гриф 1.2.2.64